[Event "Stay Safe Play From Home 264"]
[Site "Emanuel Lasker Arena"]
[Date "2020.06.29"]
[Round "5"]
[White "Haris kollari 13"]
[Black "Cirovicz"]
[Result "0-1"]
[WhiteElo "1865"]
[BlackElo "1736"]
[Annotator "NA"]
[PlyCount "98"]
[EventDate "2020.06.29"]
[EventType "swiss (blitz)"]

1. e4 {[%emt 0:00:01]} e5 {[%emt 0:00:02]} 2. Nf3 {[%emt 0:00:02]} Nc6 {[%emt 0:00:01]} 3. Bb5 {[%emt 0:00:02]} a6 {[%emt 0:00:01]} 4. Ba4 {[%emt 0:00:02]} Nf6 {[%emt 0:00:01]} 5. O-O {[%emt 0:00:05]} Be7 {[%emt 0:00:01]} 6. Re1 {[%emt 0:00:02]} b5 {[%emt 0:00:01]} 7. Bb3 {[%emt 0:00:01]} d6 {[%emt 0:00:00]} 8. d3 {[%emt 0:00:01]} O-O {[%emt 0:00:01]} 9. c3 {[%emt 0:00:04]} h6 {[%emt 0:00:01]} 10. Be3 {[%emt 0:00:01]} Bg4 {[%emt 0:00:02]} 11. Nbd2 {[%emt 0:00:02]} Na5 {[%emt 0:00:02]} 12. Bc2 {[%emt 0:00:01]} c5 {[%emt 0:00:01]} 13. Qe2 {[%emt 0:00:03]} d5 {[%emt 0:00:06]} 14. Nf1 {[%emt 0:00:03]} d4 {[%emt 0:00:02]} 15. Bd2 {[%emt 0:00:02]} c4 {[%emt 0:00:07]} 16. h3 {[%emt 0:00:17]} Bh5 {[%emt 0:00:04]} 17. Ng3 {[%emt 0:00:01]} Bxf3 {[%emt 0:00:02]} 18. Qxf3 {[%emt 0:00:02]} cxd3 {[%emt 0:00:07]} 19. Bxd3 {[%emt 0:00:01]} Nc4 {[%emt 0:00:01]} 20. Bc1 {[%emt 0:00:16]} Nh7 {[%emt 0:00:11]} 21. Rd1 {[%emt 0:00:02]} Ng5 {[%emt 0:00:02]} 22. Qe2 {[%emt 0:00:02]} Rc8 {[%emt 0:00:06]} 23. b3 {[%emt 0:00:03]} Nb6 {[%emt 0:00:09]} 24. cxd4 {[%emt 0:00:01]} exd4 {[%emt 0:00:03]} 25. Bb2 {[%emt 0:00:02]} Bc5 {[%emt 0:00:02]} 26. Rac1 {[%emt 0:00:02]} Qe7 {[%emt 0:00:03]} 27. Rc2 {[%emt 0:00:03]} Rfe8 {[%emt 0:00:03]} 28. f3 {[%emt 0:00:04]} f5 {[%emt 0:00:08]} 29. Nxf5 {[%emt 0:00:03]} Qe5 {[%emt 0:00:06]} 30. Rdc1 {[%emt 0:00:03]} Nd7 {[%emt 0:00:05]} 31. b4 {[%emt 0:00:04]} g6 {[%emt 0:00:06]} 32. Nxh6+ {[%emt 0:00:05]} Kh7 {[%emt 0:00:07]} 33. Ng4 {[%emt 0:00:01]} Qg3 {[%emt 0:00:02]} 34. bxc5 {[%emt 0:00:07]} Nxh3+ {[%emt 0:00:14]} 35. Kf1 {[%emt 0:00:05]} Nf4 {[%emt 0:00:01]} 36. Qd2 {[%emt 0:00:10]} Kg7 {[%emt 0:00:08]} 37. Bxd4+ {[%emt 0:00:02]} Kf7 {[%emt 0:00:03]} 38. Qe3 {[%emt 0:00:10]} Rh8 {[%emt 0:00:03]} 39. Qd2 {[%emt 0:00:28]} Rh1+ {[%emt 0:00:04]} 40. Bg1 {[%emt 0:00:01]} Nh3 {[%emt 0:00:08]} 41. Qe3 {[%emt 0:00:06]} Nxg1 {[%emt 0:00:03]} 42. Qxg1 {[%emt 0:00:01]} Rxg1+ {[%emt 0:00:01]} 43. Kxg1 {[%emt 0:00:00]} Ne5 {[%emt 0:00:01]} 44. Bf1 {[%emt 0:00:02]} Nxg4 {[%emt 0:00:02]} 45. fxg4 {[%emt 0:00:01]} Qxg4 {[%emt 0:00:01]} 46. Rf2+ {[%emt 0:00:01]} Kg8 {[%emt 0:00:02]} 47. c6 {[%emt 0:00:00]} Qxe4 {[%emt 0:00:01]} 48. a4 {[%emt 0:00:00]} bxa4 {[%emt 0:00:01]} 49. c7 {[%emt 0:00:01]} a3 {[%emt 0:00:01] Time (Lag: Av=0.77s, max=0.9s)} 0-1

[Event "Stay Safe Play From Home 264"]
[Site "Emanuel Lasker Arena"]
[Date "2020.06.29"]
[Round "5"]
[White "Klasman"]
[Black "Timbre"]
[Result "1-0"]
[WhiteElo "1558"]
[BlackElo "1683"]
[Annotator "NA RC"]
[PlyCount "39"]
[EventDate "2020.06.29"]
[EventType "swiss (blitz)"]

1. f4 {[%emt 0:00:01]} c6 {[%emt 0:00:02]} 2. c4 {[%emt 0:00:03]} d5 {[%emt 0:00:01]} 3. d4 {[%emt 0:00:02]} Nf6 {[%emt 0:00:02]} 4. e3 {[%emt 0:00:02]} Bf5 {[%emt 0:00:02]} 5. Nc3 {[%emt 0:00:04]} e6 {[%emt 0:00:02]} 6. Nf3 {[%emt 0:00:01]} Be7 {[%emt 0:00:02]} 7. Qb3 {[%emt 0:00:02]} Qc7 {[%emt 0:00:03]} 8. Bd2 {[%emt 0:00:03]} O-O {[%emt 0:00:02]} 9. Rc1 {[%emt 0:00:01]} Ne4 {[%emt 0:00:04]} 10. cxd5 {[%emt 0:00:06]} exd5 {[%emt 0:00:04]} 11. Nxd5 {[%emt 0:00:05]} Qd7 {[%emt 0:00:05]} 12. Nxe7+ {[%emt 0:00:16]} Qxe7 {[%emt 0:00:02]} 13. Bd3 {[%emt 0:00:11]} Nxd2 {[%emt 0:00:02]} 14. Kxd2 {[%emt 0:00:03]} Bxd3 {[%emt 0:00:01]} 15. Kxd3 {[%emt 0:00:05]} Na6 {[%emt 0:00:01]} 16. e4 {[%emt 0:00:06]} Rad8 {[%emt 0:00:05]} 17. Qc3 {[%emt 0:00:12]} Nb4+ {[%emt 0:00:05]} 18. Ke3 {[%emt 0:00:17]} Nxa2 {[%emt 0:00:02]} 19. Qa3 {[%emt 0:00:07]} Nxc1 {[%emt 0:00:03]} 20. Qxe7 {[%emt 0:00:03] Timbre resigns (Lag: Av=0.39s, max=0.5s)} 1-0

[Event "Stay Safe Play From Home 264"]
[Site "Emanuel Lasker Arena"]
[Date "2020.06.29"]
[Round "6"]
[White "Mepe_Nika"]
[Black "AChessPlayer"]
[Result "1-0"]
[WhiteElo "2360"]
[BlackElo "2200"]
[PlyCount "101"]
[EventDate "2020.06.29"]
[EventType "swiss (blitz)"]

1. d4 {[%emt 0:00:03]} Nf6 {[%emt 0:00:02]} 2. Bf4 {[%emt 0:00:01]} g6 {[%emt 0:00:05]} 3. Nc3 {[%emt 0:00:02]} Bg7 {[%emt 0:00:00]} 4. e4 {[%emt 0:00:01]} d6 {[%emt 0:00:01]} 5. Qd2 {[%emt 0:00:01]} c6 {[%emt 0:00:08]} 6. Bh6 {[%emt 0:00:11]} O-O {[%emt 0:00:01]} 7. h4 {[%emt 0:00:05]} Bxh6 {[%emt 0:00:11]} 8. Qxh6 {[%emt 0:00:00]} Qb6 {[%emt 0:00:06]} 9. O-O-O {[%emt 0:00:03]} Nbd7 {[%emt 0:00:07]} 10. h5 {[%emt 0:00:01]} g5 {[%emt 0:00:01]} 11. Qxg5+ {[%emt 0:00:03]} Kh8 {[%emt 0:00:00]} 12. e5 {[%emt 0:00:20]} Qa5 {[%emt 0:00:04]} 13. Nf3 {[%emt 0:00:05]} Rg8 {[%emt 0:00:07]} 14. Qe3 {[%emt 0:00:13]} Nd5 {[%emt 0:00:06]} 15. Nxd5 {[%emt 0:00:02]} Qxd5 {[%emt 0:00:04]} 16. Kb1 {[%emt 0:00:06]} dxe5 {[%emt 0:00:05]} 17. Nxe5 {[%emt 0:00:02]} Nxe5 {[%emt 0:00:01]} 18. Qxe5+ {[%emt 0:00:00]} Qxe5 {[%emt 0:00:02]} 19. dxe5 {[%emt 0:00:00]} Be6 {[%emt 0:00:01]} 20. g3 {[%emt 0:00:12]} Rg5 {[%emt 0:00:01]} 21. Re1 {[%emt 0:00:07]} Rd8 {[%emt 0:00:03]} 22. Bd3 {[%emt 0:00:01]} c5 {[%emt 0:00:02]} 23. Re3 {[%emt 0:00:10]} h6 {[%emt 0:00:07]} 24. f4 {[%emt 0:00:02]} Rgg8 {[%emt 0:00:02]} 25. Be4 {[%emt 0:00:03]} Bd5 {[%emt 0:00:03]} 26. Bxd5 {[%emt 0:00:24]} Rxd5 {[%emt 0:00:02]} 27. b3 {[%emt 0:00:01]} b5 {[%emt 0:00:06]} 28. Kb2 {[%emt 0:00:01]} b4 {[%emt 0:00:01]} 29. Rhe1 {[%emt 0:00:02]} a5 {[%emt 0:00:03]} 30. Rg1 {[%emt 0:00:01]} Rd4 {[%emt 0:00:02]} 31. Rd3 {[%emt 0:00:03]} Rxf4 {[%emt 0:00:03]} 32. gxf4 {[%emt 0:00:01]} Rxg1 {[%emt 0:00:01]} 33. Rd5 {[%emt 0:00:01]} Rf1 {[%emt 0:00:10]} 34. Rxc5 {[%emt 0:00:00]} Rxf4 {[%emt 0:00:00]} 35. Rxa5 {[%emt 0:00:00]} Rf5 {[%emt 0:00:00]} 36. Rb5 {[%emt 0:00:03]} Rxh5 {[%emt 0:00:01]} 37. Rxb4 {[%emt 0:00:02]} Rxe5 {[%emt 0:00:00]} 38. a4 {[%emt 0:00:00]} f5 {[%emt 0:00:01]} 39. Rb5 {[%emt 0:00:01]} Re6 {[%emt 0:00:11]} 40. Rxf5 {[%emt 0:00:01]} Kg7 {[%emt 0:00:01]} 41. b4 {[%emt 0:00:02]} Kg6 {[%emt 0:00:00]} 42. Rf1 {[%emt 0:00:03]} h5 {[%emt 0:00:00]} 43. a5 {[%emt 0:00:01]} Ra6 {[%emt 0:00:10]} 44. Kb3 {[%emt 0:00:01]} h4 {[%emt 0:00:00]} 45. Ka4 {[%emt 0:00:00]} Kg5 {[%emt 0:00:02]} 46. b5 {[%emt 0:00:00]} Ra8 {[%emt 0:00:01]} 47. b6 {[%emt 0:00:00]} Kg4 {[%emt 0:00:00]} 48. b7 {[%emt 0:00:01]} Rd8 {[%emt 0:00:01]} 49. a6 {[%emt 0:00:01]} Kg3 {[%emt 0:00:00]} 50. a7 {[%emt 0:00:01]} Kg2 {[%emt 0:00:00]} 51. Re1 {[%emt 0:00:01] AChessPlayer resigns (Lag: Av=0.85s, max=2.3s)} 1-0

[Event "Stay Safe Play From Home 264"]
[Site "Emanuel Lasker Arena"]
[Date "2020.06.29"]
[Round "6"]
[White "Weltszmerc"]
[Black "Dukic"]
[Result "1-0"]
[WhiteElo "2014"]
[BlackElo "1918"]
[PlyCount "87"]
[EventDate "2020.06.29"]
[EventType "swiss (blitz)"]

1. d4 {[%emt 0:00:02]} c6 {[%emt 0:00:01]} 2. c4 {[%emt 0:00:00]} d6 {[%emt 0:00:01]} 3. Nf3 {[%emt 0:00:00]} Bg4 {[%emt 0:00:02]} 4. e4 {[%emt 0:00:01]} Nd7 {[%emt 0:00:01]} 5. Be2 {[%emt 0:00:03]} Ngf6 {[%emt 0:00:03]} 6. Nc3 {[%emt 0:00:02]} e5 {[%emt 0:00:02]} 7. Be3 {[%emt 0:00:02]} Be7 {[%emt 0:00:01]} 8. O-O {[%emt 0:00:01]} O-O {[%emt 0:00:01]} 9. Qd2 {[%emt 0:00:02]} Re8 {[%emt 0:00:01]} 10. Rfe1 {[%emt 0:00:01]} Bh5 {[%emt 0:00:01]} 11. h3 {[%emt 0:00:01]} Bg6 {[%emt 0:00:02]} 12. Bd3 {[%emt 0:00:06]} h6 {[%emt 0:00:07]} 13. Qc2 {[%emt 0:00:02]} Bf8 {[%emt 0:00:07]} 14. Nh4 {[%emt 0:00:01]} Bh7 {[%emt 0:00:02]} 15. Nf5 {[%emt 0:00:01]} exd4 {[%emt 0:00:08]} 16. Bxd4 {[%emt 0:00:06]} Ne5 {[%emt 0:00:01]} 17. Bf1 {[%emt 0:00:01]} Nfd7 {[%emt 0:00:18]} 18. Rad1 {[%emt 0:00:17]} Qc7 {[%emt 0:00:02]} 19. Be3 {[%emt 0:00:06]} Red8 {[%emt 0:00:15]} 20. f4 {[%emt 0:00:02]} Ng6 {[%emt 0:00:06]} 21. Be2 {[%emt 0:00:04]} Ne7 {[%emt 0:00:11]} 22. Nxd6 {[%emt 0:00:05]} Nf6 {[%emt 0:00:07]} 23. c5 {[%emt 0:00:05]} b6 {[%emt 0:00:01]} 24. b4 {[%emt 0:00:02]} a5 {[%emt 0:00:03]} 25. a3 {[%emt 0:00:01]} axb4 {[%emt 0:00:02]} 26. axb4 {[%emt 0:00:00]} bxc5 {[%emt 0:00:01]} 27. bxc5 {[%emt 0:00:00]} Ned5 {[%emt 0:00:04]} 28. Nxd5 {[%emt 0:00:08]} Nxd5 {[%emt 0:00:04]} 29. Bd2 {[%emt 0:00:31]} Qa7 {[%emt 0:00:12]} 30. Kh2 {[%emt 0:00:07]} Nf6 {[%emt 0:00:09]} 31. Bd3 {[%emt 0:00:03]} Bxd6 {[%emt 0:00:07]} 32. cxd6 {[%emt 0:00:00]} Rxd6 {[%emt 0:00:01]} 33. e5 {[%emt 0:00:00]} Rxd3 {[%emt 0:00:05]} 34. Qxc6 {[%emt 0:00:08]} Nd5 {[%emt 0:00:09]} 35. e6 {[%emt 0:00:05]} fxe6 {[%emt 0:00:04]} 36. Qxe6+ {[%emt 0:00:02]} Kh8 {[%emt 0:00:01]} 37. f5 {[%emt 0:00:20]} Rf8 {[%emt 0:00:04]} 38. Bb4 {[%emt 0:00:13]} Nxb4 {[%emt 0:00:04]} 39. Rxd3 {[%emt 0:00:01]} Nxd3 {[%emt 0:00:01]} 40. Re3 {[%emt 0:00:00]} Bxf5 {[%emt 0:00:02]} 41. Qe7 {[%emt 0:00:02]} Qxe7 {[%emt 0:00:02]} 42. Rxe7 {[%emt 0:00:00]} Rf6 {[%emt 0:00:02]} 43. g4 {[%emt 0:00:00]} Kh7 {[%emt 0:00:00]} 44. Kg3 {[%emt 0:00:00] Zeit (Lag: Av=0.64s, max=1.3s)} 1-0

[Event "Stay Safe Play From Home 264"]
[Site "Emanuel Lasker Arena"]
[Date "2020.06.29"]
[Round "6"]
[White "NeatFox"]
[Black "Haris kollari 13"]
[Result "1-0"]
[WhiteElo "1796"]
[BlackElo "1842"]
[Annotator "NA"]
[PlyCount "87"]
[EventDate "2020.06.29"]
[EventType "swiss (blitz)"]

1. e4 {[%emt 0:00:05]} e6 {[%emt 0:00:01]} 2. Bc4 {[%emt 0:00:02]} a5 {[%emt 0:00:03]} 3. d4 {[%emt 0:00:01]} a4 {[%emt 0:00:01]} 4. Nc3 {[%emt 0:00:02]} c6 {[%emt 0:00:02]} 5. Nf3 {[%emt 0:00:01]} d5 {[%emt 0:00:02]} 6. exd5 {[%emt 0:00:00]} exd5 {[%emt 0:00:01]} 7. Bd3 {[%emt 0:00:01]} Bb4 {[%emt 0:00:01]} 8. Bd2 {[%emt 0:00:01]} Nf6 {[%emt 0:00:01]} 9. O-O {[%emt 0:00:00]} Bg4 {[%emt 0:00:01]} 10. Re1+ {[%emt 0:00:01]} Be7 {[%emt 0:00:02]} 11. h3 {[%emt 0:00:03]} Bh5 {[%emt 0:00:02]} 12. Bg5 {[%emt 0:00:04]} O-O {[%emt 0:00:02]} 13. Be2 {[%emt 0:00:04]} Nbd7 {[%emt 0:00:02]} 14. Qd3 {[%emt 0:00:03]} Re8 {[%emt 0:00:02]} 15. Rad1 {[%emt 0:00:02]} Bg6 {[%emt 0:00:02]} 16. Qd2 {[%emt 0:00:01]} b5 {[%emt 0:00:03]} 17. Qc1 {[%emt 0:00:02]} b4 {[%emt 0:00:04]} 18. Nb1 {[%emt 0:00:04]} Nb6 {[%emt 0:00:05]} 19. c3 {[%emt 0:00:05]} b3 {[%emt 0:00:12]} 20. axb3 {[%emt 0:00:01]} axb3 {[%emt 0:00:01]} 21. Na3 {[%emt 0:00:01]} Bxa3 {[%emt 0:00:02]} 22. bxa3 {[%emt 0:00:01]} Nc4 {[%emt 0:00:02]} 23. Bxc4 {[%emt 0:00:02]} dxc4 {[%emt 0:00:02]} 24. Ne5 {[%emt 0:00:01]} Bc2 {[%emt 0:00:08]} 25. Rd2 {[%emt 0:00:10]} Qd5 {[%emt 0:00:01]} 26. Nf3 {[%emt 0:00:04]} Ne4 {[%emt 0:00:05]} 27. Rde2 {[%emt 0:00:02]} f6 {[%emt 0:00:05]} 28. Bf4 {[%emt 0:00:03]} Ra4 {[%emt 0:00:05]} 29. Nd2 {[%emt 0:00:02]} f5 {[%emt 0:00:08]} 30. f3 {[%emt 0:00:01]} Bd3 {[%emt 0:00:01]} 31. fxe4 {[%emt 0:00:02]} fxe4 {[%emt 0:00:01]} 32. Re3 {[%emt 0:00:01]} Rea8 {[%emt 0:00:02]} 33. Nb1 {[%emt 0:00:04]} Qb5 {[%emt 0:00:06]} 34. Qb2 {[%emt 0:00:01]} Bxb1 {[%emt 0:00:02]} 35. Rxb1 {[%emt 0:00:02]} Rxa3 {[%emt 0:00:00]} 36. Qf2 {[%emt 0:00:03]} Ra2 {[%emt 0:00:02]} 37. Rb2 {[%emt 0:00:02]} Ra1+ {[%emt 0:00:01]} 38. Kh2 {[%emt 0:00:01]} R8a2 {[%emt 0:00:01]} 39. Rxe4 {[%emt 0:00:02]} Rxb2 {[%emt 0:00:02]} 40. Qxb2 {[%emt 0:00:04]} Ra2 {[%emt 0:00:01]} 41. Qc1 {[%emt 0:00:01]} b2 {[%emt 0:00:02]} 42. Qe1 {[%emt 0:00:03]} Ra8 {[%emt 0:00:11]} 43. Re8+ {[%emt 0:00:05]} Kf7 {[%emt 0:00:02]} 44. Qe6# {[%emt 0:00:01] (Lag: Av=0.43s, max=0.8s)} 1-0

[Event "Stay Safe Play From Home 264"]
[Site "Emanuel Lasker Arena"]
[Date "2020.06.29"]
[Round "6"]
[White "Cirovicz"]
[Black "Klasman"]
[Result "1-0"]
[WhiteElo "1759"]
[BlackElo "1581"]
[Annotator "NA"]
[PlyCount "61"]
[EventDate "2020.06.29"]
[EventType "swiss (blitz)"]

1. e4 {[%emt 0:00:00]} f5 {[%emt 0:00:01]} 2. exf5 {[%emt 0:00:01]} Nf6 {[%emt 0:00:01]} 3. f3 {[%emt 0:00:03]} d5 {[%emt 0:00:03]} 4. g4 {[%emt 0:00:01]} h6 {[%emt 0:00:01]} 5. h4 {[%emt 0:00:06]} Qd6 {[%emt 0:00:03]} 6. Kf2 {[%emt 0:00:03]} e6 {[%emt 0:00:04]} 7. d4 {[%emt 0:00:03]} exf5 {[%emt 0:00:02]} 8. Bh3 {[%emt 0:00:02]} fxg4 {[%emt 0:00:02]} 9. Bxg4 {[%emt 0:00:01]} Bxg4 {[%emt 0:00:08]} 10. fxg4 {[%emt 0:00:02]} Qe6 {[%emt 0:00:10]} 11. Qe2 {[%emt 0:00:06]} Nxg4+ {[%emt 0:00:04]} 12. Kf3 {[%emt 0:00:04]} Qxe2+ {[%emt 0:00:09]} 13. Kxe2 {[%emt 0:00:02]} Nc6 {[%emt 0:00:01]} 14. c3 {[%emt 0:00:01]} O-O-O {[%emt 0:00:03]} 15. Bf4 {[%emt 0:00:05]} Bd6 {[%emt 0:00:02]} 16. Bxd6 {[%emt 0:00:02]} Rxd6 {[%emt 0:00:01]} 17. Kd2 {[%emt 0:00:01]} Nf2 {[%emt 0:00:12]} 18. Rh2 {[%emt 0:00:05]} Rf8 {[%emt 0:00:08]} 19. Na3 {[%emt 0:00:07]} Ne4+ {[%emt 0:00:07]} 20. Kc2 {[%emt 0:00:03]} Rdf6 {[%emt 0:00:06]} 21. Kb3 {[%emt 0:00:07]} Na5+ {[%emt 0:00:04]} 22. Ka4 {[%emt 0:00:03]} b6 {[%emt 0:00:05]} 23. Nc2 {[%emt 0:00:16]} Kb7 {[%emt 0:00:10]} 24. Nh3 {[%emt 0:00:06]} c6 {[%emt 0:00:06]} 25. Rg1 {[%emt 0:00:04]} g6 {[%emt 0:00:12]} 26. Ne3 {[%emt 0:00:06]} Ka6 {[%emt 0:00:03]} 27. Ng4 {[%emt 0:00:02]} b5+ {[%emt 0:00:07]} 28. Ka3 {[%emt 0:00:02]} Rf3 {[%emt 0:00:27]} 29. Ne5 {[%emt 0:00:20]} Nc4+ {[%emt 0:00:12]} 30. Nxc4 {[%emt 0:00:03]} bxc4 {[%emt 0:00:03]} 31. Rxg6 {[%emt 0:00:09] Time (Lag: Av=0.66s, max=0.7s)} 1-0

[Event "Stay Safe Play From Home 264"]
[Site "Emanuel Lasker Arena"]
[Date "2020.06.29"]
[Round "6"]
[White "Edmatuag"]
[Black "Lazieri3"]
[Result "0-1"]
[WhiteElo "1689"]
[BlackElo "2017"]
[PlyCount "80"]
[EventDate "2020.06.29"]
[EventType "swiss (blitz)"]

1. c4 {[%emt 0:00:02]} c6 {[%emt 0:00:00]} 2. Nc3 {[%emt 0:00:02]} d5 {[%emt 0:00:00]} 3. d4 {[%emt 0:00:01]} Nf6 {[%emt 0:00:03]} 4. e3 {[%emt 0:00:02]} Bf5 {[%emt 0:00:02]} 5. Nf3 {[%emt 0:00:03]} e6 {[%emt 0:00:01]} 6. Qb3 {[%emt 0:00:04]} b6 {[%emt 0:00:01]} 7. Ne5 {[%emt 0:00:01]} Bd6 {[%emt 0:00:02]} 8. f4 {[%emt 0:00:02]} Ne4 {[%emt 0:00:02]} 9. Nxe4 {[%emt 0:00:02]} Bxe4 {[%emt 0:00:00]} 10. Kf2 {[%emt 0:00:03]} O-O {[%emt 0:00:01]} 11. Be2 {[%emt 0:00:05]} f6 {[%emt 0:00:02]} 12. Nd3 {[%emt 0:00:07]} Nd7 {[%emt 0:00:01]} 13. Bf3 {[%emt 0:00:14]} Bxf3 {[%emt 0:00:12]} 14. gxf3 {[%emt 0:00:02]} Kh8 {[%emt 0:00:00]} 15. Bd2 {[%emt 0:00:06]} Rc8 {[%emt 0:00:04]} 16. h4 {[%emt 0:00:05]} e5 {[%emt 0:00:02]} 17. Rag1 {[%emt 0:00:15]} exd4 {[%emt 0:00:07]} 18. exd4 {[%emt 0:00:04]} dxc4 {[%emt 0:00:10]} 19. Qxc4 {[%emt 0:00:03]} Qe7 {[%emt 0:00:02]} 20. Re1 {[%emt 0:00:05]} Qf7 {[%emt 0:00:01]} 21. Qxf7 {[%emt 0:00:05]} Rxf7 {[%emt 0:00:00]} 22. Re6 {[%emt 0:00:01]} Bf8 {[%emt 0:00:07]} 23. Rhe1 {[%emt 0:00:01]} h6 {[%emt 0:00:12]} 24. f5 {[%emt 0:00:06]} Kh7 {[%emt 0:00:01]} 25. Nf4 {[%emt 0:00:03]} c5 {[%emt 0:00:04]} 26. d5 {[%emt 0:00:06]} Ne5 {[%emt 0:00:01]} 27. Bc3 {[%emt 0:00:08]} c4 {[%emt 0:00:20]} 28. Bxe5 {[%emt 0:00:21]} fxe5 {[%emt 0:00:00]} 29. R6xe5 {[%emt 0:00:02]} Bc5+ {[%emt 0:00:01]} 30. Kg3 {[%emt 0:00:04]} Bd6 {[%emt 0:00:02]} 31. Ne6 {[%emt 0:00:09]} Bxe5+ {[%emt 0:00:03]} 32. Rxe5 {[%emt 0:00:01]} c3 {[%emt 0:00:05]} 33. bxc3 {[%emt 0:00:02]} Rxc3 {[%emt 0:00:00]} 34. d6 {[%emt 0:00:01]} Rd3 {[%emt 0:00:01]} 35. Kf4 {[%emt 0:00:05]} Rxd6 {[%emt 0:00:02]} 36. Ke4 {[%emt 0:00:04]} Rd2 {[%emt 0:00:05]} 37. Nf4 {[%emt 0:00:01]} Rd1 {[%emt 0:00:20]} 38. Re6 {[%emt 0:00:10]} Re1+ {[%emt 0:00:02]} 39. Kd5 {[%emt 0:00:02]} Rxf5+ {[%emt 0:00:02]} 40. Kd6 {[%emt 0:00:02]} Rd1+ {[%emt 0:00:04] Time (Lag: Av=0.71s, max=1.6s)} 0-1

[Event "Stay Safe Play From Home 264"]
[Site "Emanuel Lasker Arena"]
[Date "2020.06.29"]
[Round "7"]
[White "Mepe_Nika"]
[Black "Weltszmerc"]
[Result "1-0"]
[WhiteElo "2369"]
[BlackElo "2026"]
[Annotator "TA"]
[PlyCount "161"]
[EventDate "2020.06.29"]
[EventType "swiss (blitz)"]

{[%evp 17,161,8,30,0,30,22,45,43,48,27,34,41,37,27,32,33,45,49,243,214,271,216,196,163,187,120,120,121,135,119,114,106,112,100,103,92,118,109,126,113,118,120,177,162,166,167,161,154,168,135,178,178,184,154,149,153,220,180,177,175,397,402,376,251,207,0,0,-67,0,0,29975,29976,29976,29977,29975,29975,29975,29975,29975,29977,29977,29978,29979,29976,29977,29976,29977,29978,29978,29978,29978,29979,29983,29984,29984,29978,29979,29980,29980,29979,29979,29974,29974,29975,29981,29982,29982,29982,29994,29978,29978,0,29994,29975,29989,29974,29987,29986,29990,29984,29994,29978,29994,29976,29993,0,29994,29980,29980,0,29976,0,29982,29976,29992,0,29994,29995,29995,29996,29996,29995,29997,29992,29992,29977]} 1. e4 Nf6 2. Nc3 d5 3. e5 Nfd7 4. d4 e6 5. f4 c5 6. Nf3 Nc6 7. Be3 a6 8. Qd2 b5 9. Be2 b4 10. Nd1 {C11: French: Classical System: 4 e5 and 4 Bg5 dxe4.} a5 11. O-O g6 12. c4 {Threatens to win with cxd5.White is slightly better.} bxc3 {[#]} 13. bxc3 $146 ({Predecessor:} 13. Nxc3 Ba6 14. Rac1 Bxe2 15. Qxe2 c4 16. g4 Nb6 17. f5 Be7 18. f6 Bb4 19. Bh6 {½-½ (64) Svetushkin,D (2573)-Iljushin,A (2551) Moscow 2010}) 13... cxd4 14. Nxd4 Nxd4 15. Bxd4 Ba6 16. Ne3 Bxe2 17. Qxe2 h5 $2 (17... Bc5 $1 $14) 18. c4 Nb6 19. cxd5 Nxd5 20. Qb5+ Qd7 {[#]} 21. Qxd7+ (21. Nxd5 $1 $18 {[%mdl 512] Nf6+ would kill now.} exd5 22. Qd3) 21... Kxd7 $16 22. Nxd5 exd5 23. e6+ {[%mdl 64] Discovered Attack} fxe6 24. Bxh8 Bc5+ {[%mdl 64] Discovered Attack} 25. Kh1 Rxh8 {[%mdl 4096] Endgame KRR-KRB} 26. Rab1 Kd6 27. g3 h4 {White should prevent ...hxg3.} 28. Kg2 hxg3 29. hxg3 g5 (29... Bb4 $16) 30. fxg5 $18 Rg8 {[#]} 31. Rb5 $1 Rxg5 32. Rxa5 d4 33. a4 Re5 34. Ra8 Re2+ 35. Kf3 Re3+ 36. Kg4 Kd5 (36... Ra3 $16 37. Rb1 e5) 37. a5 {Ra1 is the strong threat.} Bd6 38. Rf3 {Strongly threatening Rxe3.} Re1 $2 (38... Re4+ 39. Kh3 Re1) 39. a6 Ra1 40. Rb3 e5 {[#]} 41. Rb7 $2 (41. Kf5 $1 $18) 41... d3 $11 42. Rb2 (42. Rd7 $1 $11) 42... e4 (42... Ke4 $1 $15) 43. a7 {aiming for Rd8.} Bc5 $2 {[%mdl 8192] White stays focused until the end.} (43... Be7 $11) 44. Rd8+ Kc4 45. a8=Q Rxa8 46. Rxa8 e3 47. Kf3 e2 {[#]} 48. Rxe2 $1 dxe2 49. Kxe2 {KR-KB} Kd4 50. Re8 Kd5 51. Kf3 Kd6 52. g4 Kd7 53. Re4 Be7 54. Kf4 Ke8 55. Kf5 Kf7 56. g5 Bd6 57. g6+ Kg7 58. Ra4 Bc5 59. Ra6 Bd4 60. Rc6 Be3 61. Rc7+ Kg8 62. Rd7 Bf2 63. Kf6 {[%cal Rd7d8]} Bh4+ 64. Kf5 Bf2 65. Rh7 Bg3 66. Rh3 Be1 67. Rd3 Bf2 68. Rd7 Bg3 69. Kg5 Bf2 70. Re7 Bg3 71. Rd7 Bf2 $1 72. Kh5 Bg3 73. Kh6 {[%cal Rd7d8]} Bf4+ 74. Kh5 Bg3 $1 75. Kg4 Bf2 76. Kf5 Bg3 77. g7 {White mates.} Bh4 78. Kg6 Be7 79. Rb7 Bd8 80. Kf5 Kh7 81. Kg4 {Accuracy: White = 86%, Black = 73%.} 1-0